| 000 | 00620 a2200181 4500 | ||
|---|---|---|---|
| 999 |
_c1056 _d1056 |
||
| 020 | _a9780073404189 | ||
| 050 | _aHM585 SCH 2008 | ||
| 100 |
_aSchneider, Linda _eauthor |
||
| 245 |
_aGlobal sociology : _bintroducing five contemporary societies / _cLinda Schneider, Arnold Silverman |
||
| 250 | _a5th ed. | ||
| 264 |
_aBoston : _bMcGraw-Hill Higher Education, _c2008 |
||
| 300 |
_axxii, 320p. : _bill. |
||
| 500 | _aIncludes bibliographical references and index | ||
| 650 | _aSociology | ||
| 650 |
_aSociology _xCross-cultural studies |
||
| 700 |
_aSilverman, Arnold R. _eauthor |
||
| 942 |
_2lcc _cBK _e5th ed. _h585 _iSCH _kHM |
||